|
|
|
|
| LEADER |
01008nam a22002417a 4500 |
| 001 |
13925 |
| 003 |
BD-DhAAL |
| 005 |
20141224110316.0 |
| 008 |
141224s1999 bg ||||| |||| 00| 0 eng d |
| 082 |
|
|
|2 22
|a 333.917
|
| 245 |
|
|
|a Sea level rise & sustainable coastal management :
|b proceedings of the international seminar 18-20 March, 1999
|
| 260 |
|
|
|a Dhaka :
|b The University of Asia Pacific and International Oceanographic and Maritime Institute (NOAMI),
|c 1999
|
| 300 |
|
|
|a 216 p. ;
|c 29 cm.
|
| 504 |
|
|
|a Includes bibliographical references.
|
| 541 |
|
|
|e 13925
|
| 650 |
|
|
|a Coastal zone management
|9 6981
|
| 650 |
|
|
|a Sustainable development
|9 6178
|
| 710 |
|
|
|a The University of Asia Pacific
|9 6982
|
| 710 |
|
|
|a International Oceanographic and Maritime Institute (NOAMI)
|9 6983
|
| 852 |
|
|
|a Ayesha Abed Library
|
| 942 |
|
|
|2 ddc
|c BK
|
| 999 |
|
|
|c 33349
|d 33349
|
| 952 |
|
|
|0 0
|1 0
|2 ddc
|4 0
|6 333_917000000000000_SEA
|7 0
|9 44547
|a BRACUL
|b BRACUL
|c GEN
|d 2014-12-24
|l 0
|o 333.917 SEA
|p 3010013925
|r 2014-12-24
|t 1
|w 2014-12-24
|y BK
|